Normal view
MARC view
- Návar Martínez, Lilia Estela
Entry Nombre Personal
001 - NUMERO DE CONTROL
- campo de control: 49226
003 - IDENTIFICADOR DE NUMERO DE CONTROL
- campo de control: MX-MxUPN
005 - FECHA Y HORA DE LA ÜLTIMA TRANSACCIÓN
- campo de control: 20230608163520.0
008 - DATOS DE LONGITUD FIJA
- campo de control de longitud fija: 230608|| aca||aabn | a|a d
040 ## - FUENTE DE CATALOGACIÓN
- Agencia original de catalogación: MX-MxUPN
- Lenguaje de catalogación: spa
- Agencia de transcripción: MX-MxUPN
100 1# - ENCABEZAMIENTO - NOMBRE PERSONAL
- Nombre personal: Návar Martínez, Lilia Estela
670 ## - FUENTE EN LA QUE SE LOCALIZARON DATOS
- Cita de la fuente: Cambios de actitud profesional operadas en el maestro que cursó la licenciatura en educación primaria, 1979:
- Información localizada: portada (Lilia Estela Návar Martínez)
902 ## - CATALOGADOR
- Catalogador: Víctor Ruiz/080623
